| 000 | 00722nam a2200205Ia 4500 | ||
|---|---|---|---|
| 003 | GCL | ||
| 008 | 140319s9999 xx 000 0 ara d | ||
| 020 | _a?532901977 | ||
| 040 |
_aGCL / _cGCL |
||
| 082 | 0 | 4 |
_a822.008 _bش ح |
| 100 | 1 | _aشكسبير، ويليام | |
| 245 | 1 | 0 |
_aمن حكايات شكسبير / _cشكسبير، ويليام |
| 260 |
_aالقاهرة : _bالهيئة المصرية العامة للكتاب ، _c1997 |
||
| 300 |
_a191 ص ؛ _c15 سم |
||
| 490 |
_aسلسلة مكتبة الاسرة _v0 |
||
| 650 | 0 | 4 | _aالقصص الانجليزية |
| 650 | 0 | 4 | _aالقصص الانجليزية المترجمة |
| 650 | 0 | 4 | _aالادب الانجليزى - مجموعات |
| 942 |
_2ddc _cBK |
||
| 999 |
_c50186 _d50186 |
||